[Event "Rheinland Pfalz op 2nd"]
[Site "Schweich"]
[Date "2010.07.18"]
[Round "7"]
[White "Biryukova, Alice"]
[Black "Tominski, Norbert"]
[Result "0-1"]
[WhiteElo "1702"]
[BlackElo "1976"]
[PlyCount "49"]
[EventDate "2010.07.16"]
[EventType "swiss"]
[EventRounds "7"]
[EventCountry "GER"]
[SourceTitle "EXT 2012"]
[Source "ChessBase"]
[SourceDate "2011.11.24"]
[SourceVersion "1"]
[SourceVersionDate "2011.11.24"]
[SourceQuality "1"]

1. e4 c6 2. d4 d5 3. exd5 cxd5 4. Bf4 Nc6 5. Nc3 Bf5 6. Nf3 Nf6 7. Bd3 Bxd3 8. Qxd3 a6 9. 0-0 e6 10. Rfe1 Bd6 11. Bg5 0-0 12. Ne5 Be7 13. a3 h6 14. Bxf6 Bxf6 15. Rad1 Qd6 16. Nxc6 Qxc6 17. h3 Rac8 18. Re2 b5 19. Na2 a5 20. Nc3 Rb8 21. Re3 Rfc8 22. b4 axb4 23. axb4 Qc4 24. Qxc4 Rxc4 25. Rdd3 0-1

[Event "Rheinland Pfalz op 2nd"]
[Site "Schweich"]
[Date "2010.07.17"]
[Round "5"]
[White "Tominski, Norbert"]
[Black "Berend, Fred"]
[Result "0-1"]
[WhiteElo "1976"]
[BlackElo "2381"]
[PlyCount "56"]
[EventDate "2010.07.16"]
[EventType "swiss"]
[EventRounds "7"]
[EventCountry "GER"]
[SourceTitle "EXT 2012"]
[Source "ChessBase"]
[SourceDate "2011.11.24"]
[SourceVersion "1"]
[SourceVersionDate "2011.11.24"]
[SourceQuality "1"]

1. d4 d6 2. c4 e5 3. dxe5 dxe5 4. Qxd8+ Kxd8 5. Nf3 f6 6. Nc3 c6 7. e4 Bc5 8. Na4 Bb4+ 9. Bd2 Bxd2+ 10. Nxd2 Kc7 11. 0-0-0 Nh6 12. f3 b6 13. b4 Be6 14. Kb2 Nd7 15. Be2 Nf7 16. h4 Rhd8 17. g4 a5 18. b5 Nc5 19. Nxc5 bxc5 20. a4 cxb5 21. axb5 a4 22. Nb1 Rd4 23. Rxd4 exd4 24. Ka3 Ne5 25. Nd2 d3 26. b6+ Kb7 27. f4 dxe2 28. fxe5 Rd8 0-1

[Event "Rheinland Pfalz op 2nd"]
[Site "Schweich"]
[Date "2010.07.16"]
[Round "3"]
[White "Schmitz, Karl Alfred"]
[Black "Tominski, Norbert"]
[Result "0-1"]
[WhiteElo "1691"]
[BlackElo "1976"]
[PlyCount "79"]
[EventDate "2010.07.16"]
[EventType "swiss"]
[EventRounds "7"]
[EventCountry "GER"]
[SourceTitle "EXT 2012"]
[Source "ChessBase"]
[SourceDate "2011.11.24"]
[SourceVersion "1"]
[SourceVersionDate "2011.11.24"]
[SourceQuality "1"]

1. d4 d5 2. e3 e6 3. c4 Nf6 4. Nc3 c5 5. Nf3 Nc6 6. Bd3 Be7 7. 0-0 0-0 8. b3 h6 9. Ne2 cxd4 10. exd4 Nb4 11. Bb1 dxc4 12. bxc4 Qc7 13. a3 Nc6 14. Bf4 Qa5 15. Qb3 Rd8 16. Bc2 b6 17. Rfd1 Qa6 18. Bd3 Na5 19. Qc3 Bd7 20. Bd2 Ba4 21. Rdb1 Qb7 22. Qxa5 Qxf3 23. gxf3 bxa5 24. Bxa5 Rd7 25. Bb4 Kf8 26. Bxe7+ Kxe7 27. Rb4 Bc6 28. Kg2 g5 29. Kg3 Nh5+ 30. Kg4 Ng7 31. Kh3 Bxf3 32. c5 Rad8 33. Rc1 Nh5 34. Bb5 Bxe2 35. Bxd7 Rxd7 36. c6 Rc7 37. Rb8 Bf3 38. Rh8 Bxc6 39. Rxc6 Rxc6 40. Rxh6 0-1

[Event "Stuttgart-chA int"]
[Site "Ditzingen"]
[Date "2010.05.16"]
[Round "7"]
[White "Fahnenschmidt, Gerhard"]
[Black "Tominski, Norbert"]
[Result "0-1"]
[WhiteElo "2059"]
[BlackElo "1921"]
[PlyCount "122"]
[EventDate "2010.05.13"]
[EventType "swiss"]
[EventRounds "7"]
[EventCountry "GER"]
[SourceTitle "EXT 2018"]
[Source "ChessBase"]
[SourceDate "2017.10.13"]
[SourceVersion "1"]
[SourceVersionDate "2017.10.13"]
[SourceQuality "1"]

1. c4 e5 2. Nc3 Nf6 3. Nf3 Nc6 4. d4 exd4 5. Nxd4 Bc5 6. Nxc6 bxc6 7. g3 0-0 8. Bg2 h6 9. 0-0 Bb7 10. b3 Rb8 11. Bb2 Qe7 12. Rc1 Rfd8 13. Na4 Bd6 14. e4 Be5 15. Bxe5 Qxe5 16. f4 Qe7 17. e5 Nh7 18. Qd4 a5 19. c5 Ba6 20. Rfd1 Be2 21. Rd2 Bh5 22. f5 Qg5 23. Rf1 f6 24. Rdf2 fxe5 25. Qxe5 Rbc8 26. h4 Qf6 27. Qf4 Bf7 28. Qd2 Ra8 29. Nc3 d5 30. cxd6 Qxd6 31. Qxd6 Rxd6 32. Ne4 Rd4 33. f6 Bd5 34. f7+ Kf8 35. Nc5 Nf6 36. Rxf6 gxf6 37. Rxf6 Ke7 38. Bxd5 Kxf6 39. Bxc6 Rf8 40. Be8 Rxf7 41. Bxf7 Kxf7 42. Kf2 Rd2+ 43. Ke3 Rxa2 44. g4 Rh2 45. h5 Rh3+ 46. Ke4 Rg3 47. Kf4 Rc3 48. Nd7 Rxb3 49. g5 Rb4+ 50. Kf5 Rb5+ 51. Ne5+ Kg7 52. Ke6 a4 53. gxh6+ Kxh6 54. Nc4 Rxh5 55. Kd7 Rc5 56. Na3 Rc3 57. Nb5 Rb3 58. Nxc7 Rb7 59. Kc6 Rxc7+ 60. Kxc7 a3 61. Kd6 a2 0-1

[Event "Dresden ZMD op"]
[Site "Dresden"]
[Date "2009.07.25"]
[Round "1"]
[White "Tominski, Norbert"]
[Black "Miezis, Normunds"]
[Result "0-1"]
[WhiteElo "1897"]
[BlackElo "2572"]
[PlyCount "126"]
[EventDate "2009.07.25"]
[EventType "swiss"]
[EventRounds "9"]
[EventCountry "GER"]
[SourceTitle "CBM 131 Extra"]
[Source "ChessBase"]
[SourceDate "2009.09.03"]
[SourceVersion "2"]
[SourceVersionDate "2009.09.16"]
[SourceQuality "1"]

1. d4 Nf6 2. Nf3 c5 3. d5 e6 4. c4 exd5 5. cxd5 Bd6 6. Nc3 Bc7 7. e4 d6 8. h3 0-0 9. Bd3 a6 10. a4 Re8 11. 0-0 Nbd7 12. Re1 Nf8 13. Qc2 Ng6 14. Bd2 Bd7 15. Rab1 Ba5 16. b3 Rb8 17. Rb2 Nh5 18. Nb1 Nhf4 19. Bf1 Bxd2 20. Qxd2 Qf6 21. Qc3 Ne5 22. Nxe5 Rxe5 23. Re3 b5 24. axb5 axb5 25. Nd2 b4 26. Qc2 Rg5 27. Kh2 Nxg2 28. Rf3 Qe5+ 29. Rg3 Ne3 30. Qb1 Qf4 31. Qe1 Rxg3 32. fxg3 Nxf1+ 33. Qxf1 Qxf1 34. Nxf1 Bb5 35. Nd2 Ra8 36. Kg2 f6 37. h4 Ra1 38. Nb1 Bd3 39. Nd2 h5 40. Kf2 Kf7 41. Ke3 Bb5 42. Kf4 Kg6 43. Nf3 Rc1 44. g4 hxg4 45. Kxg4 Bd7+ 46. Kf4 Rc3 47. Rg2+ Kh6 48. Nd2 Rc2 49. Ke3 Bb5 50. h5 Be8 51. Kf4 Bxh5 52. Kf5 c4 53. bxc4 b3 54. c5 b2 55. cxd6 Rxd2 56. Rg1 Rd1 57. Rxd1 Bxd1 58. d7 Bh5 59. d8Q Bg6+ 60. Kf4 b1Q 61. Qe7 Qd3 62. d6 Bh5 63. Kf5 Qh3+ 0-1

[Event "Korbach 1st op A 2007"]
[Site "Korbach"]
[Date "2007.10.13"]
[Round "4.10"]
[White "Huettemann, Ralf"]
[Black "Tominski, Norbert"]
[Result "1/2-1/2"]
[WhiteElo "2069"]
[BlackElo "1825"]
[PlyCount "120"]
[EventDate "2007.10.11"]
[EventType "swiss"]
[EventRounds "7"]
[EventCountry "GER"]
[SourceTitle "EXT 2009"]
[Source "ChessBase"]
[SourceDate "2008.11.26"]
[SourceVersion "1"]
[SourceVersionDate "2008.11.26"]
[SourceQuality "1"]

1. e4 c6 2. d4 d5 3. exd5 cxd5 4. Bd3 Nc6 5. Ne2 Nf6 6. Bf4 e6 7. c3 Bd6 8. Nd2 Qc7 9. Bxd6 Qxd6 10. 0-0 0-0 11. Ng3 e5 12. dxe5 Nxe5 13. Nb3 Bg4 14. f3 Be6 15. Re1 Qb6+ 16. Kh1 Nc4 17. Qc2 Rfe8 18. Re2 Bd7 19. Rae1 Rxe2 20. Rxe2 Re8 21. Rxe8+ Bxe8 22. Qe2 g6 23. Bxc4 dxc4 24. Qxc4 Qf2 25. Qe2 Qxe2 26. Nxe2 Nd5 27. Nbd4 b5 28. Kg1 Ne3 29. Nf4 g5 30. Nd3 f5 31. g3 Bf7 32. Kf2 f4 33. gxf4 gxf4 34. Nxf4 Nd1+ 35. Ke1 Nxb2 36. Nxb5 a6 37. Nc7 Bc4 38. Kd2 Kf7 39. Ke3 Ke7 40. Ncd5+ Kd6 41. Nf6 Ke5 42. Ng4+ Kf5 43. a3 Bb5 44. Nd5 Nc4+ 45. Kd4 Nxa3 46. Nge3+ Kg5 47. f4+ Kh4 48. c4 Be8 49. Nf6 Bg6 50. c5 Nb5+ 51. Kc4 Bf7+ 52. Kb4 Kh3 53. Nxh7 Kxh2 54. Ng5 Bg8 55. Ne4 Kh3 56. f5 Kh4 57. f6 Kh5 58. Ka5 Kg6 59. Kxa6 Nd4 60. Kb6 Kf7 1/2-1/2

[Event "Goch op 18th"]
[Site "Goch"]
[Date "2007.10.04"]
[Round "1"]
[White "Tominski, Norbert"]
[Black "Podzielny, Karl Heinz"]
[Result "0-1"]
[WhiteElo "1886"]
[BlackElo "2412"]
[PlyCount "46"]
[EventDate "2007.10.04"]
[EventType "swiss"]
[EventRounds "7"]
[EventCountry "GER"]
[SourceTitle "EXT 2011"]
[Source "ChessBase"]
[SourceDate "2010.11.26"]
[SourceVersion "1"]
[SourceVersionDate "2010.11.26"]
[SourceQuality "1"]

1. d4 Nf6 2. Nf3 g6 3. Bf4 Bg7 4. e3 0-0 5. Bd3 Nc6 6. c3 d6 7. Qc2 Qe8 8. Nbd2 e5 9. dxe5 dxe5 10. Bg5 Nd7 11. e4 f5 12. Bc4+ Kh8 13. b4 Nb6 14. Bb3 a5 15. bxa5 Nxa5 16. Rd1 f4 17. h4 Nxb3 18. Qxb3 h6 19. h5 Be6 20. c4 hxg5 21. hxg6+ Kg8 22. Nxg5 Qxg6 23. Ndf3 Bxc4 0-1

[Event "Rhein Main op 10th"]
[Site "Bad Homburg"]
[Date "2007.06.07"]
[Round "3"]
[White "Tominski, Norbert"]
[Black "Kolker, Vladislav"]
[Result "1/2-1/2"]
[WhiteElo "1767"]
[BlackElo "2112"]
[PlyCount "36"]
[EventDate "2007.06.06"]
[EventType "swiss"]
[EventRounds "7"]
[EventCountry "GER"]
[SourceTitle "EXT 2008"]
[Source "ChessBase"]
[SourceDate "2007.11.25"]
[SourceVersion "1"]
[SourceVersionDate "2007.11.25"]
[SourceQuality "1"]

1. d4 Nf6 2. Nf3 g6 3. Bf4 Bg7 4. c3 0-0 5. Nbd2 d6 6. Qc2 Nbd7 7. e3 Nh5 8. Bg5 h6 9. Bh4 g5 10. Bg3 e5 11. 0-0-0 f5 12. dxe5 dxe5 13. Qb3+ Kh8 14. Nc4 Qe7 15. Rxd7 Bxd7 16. Bxe5 Bxe5 17. Ncxe5 Kg7 18. Be2 Be6 1/2-1/2